Statystyki dla Państwa świata z pustą mapą - wersja trudniejsza

Kliknij tutaj aby rozwiązać quiz!

Ogólne statystyki

  • Ten quiz został rozwiązany 243 razy
  • Średni wynik to 152 z 196

Odpowiedzi na mapie

Odpowiedzi skodowane kolorowo w zielono-czerwonej skali na mapie do tego quizu, zgodnie z poniższymi procentami.
 

Statystyki odpowiedzi

Państwo% Poprawnych
Polska
92%
Rosja
92%
Stany Zjednoczone
92%
Kanada
90%
Chiny
88%
Meksyk
88%
Niemcy
88%
Argentyna
87%
Ukraina
87%
Australia
86%
Belgia
86%
Białoruś
86%
Brazylia
86%
Czechy
86%
Dania
86%
Egipt
86%
Finlandia
86%
Francja
86%
Hiszpania
86%
Szwecja
86%
Austria
85%
Estonia
85%
Holandia
85%
Indie
85%
Kazachstan
85%
Norwegia
85%
Portugalia
85%
Republika Południowej Afryki
85%
Włochy
85%
Albania
84%
Boliwia
84%
Chile
84%
Chorwacja
84%
Grecja
84%
Japonia
84%
Kolumbia
84%
Kosowo
84%
Litwa
84%
Łotwa
84%
Luksemburg
84%
Maroko
84%
Mongolia
84%
Nowa Zelandia
84%
Peru
84%
Rumunia
84%
Słowacja
84%
Szwajcaria
84%
Turcja
84%
Wielka Brytania
84%
Algieria
83%
Arabia Saudyjska
83%
Ekwador
83%
Indonezja
83%
Irak
83%
Iran
83%
Watykan
83%
Węgry
83%
Armenia
82%
Bośnia i Hercegowina
82%
Kostaryka
82%
Madagaskar
82%
Niger
82%
Nigeria
82%
Paragwaj
82%
Słowenia
82%
Wenezuela
82%
Wietnam
82%
Andora
81%
Bułgaria
81%
Demokratyczna
Republika Konga
81%
Irlandia
81%
Izrael
81%
Kenia
81%
Kongo
81%
Libia
81%
Liechtenstein
81%
Macedonia Północna
81%
Mołdawia
81%
Panama
81%
Serbia
81%
Tajlandia
81%
Czarnogóra
80%
Islandia
80%
Jemen
80%
Katar
80%
Kuba
80%
Sudan
80%
Urugwaj
80%
Afganistan
79%
Azerbejdżan
79%
Cypr
79%
Czad
79%
Dominika
79%
Etiopia
79%
Gruzja
79%
Honduras
79%
Korea Północna
79%
Malta
79%
Oman
79%
Pakistan
79%
Sudan Południowy
79%
Uzbekistan
79%
Dominikana
78%
Gujana
78%
Gwatemala
78%
Gwinea
78%
Korea Południowa
78%
Mali
78%
Monako
78%
San Marino
78%
Haiti
77%
Laos
77%
Syria
77%
Angola
76%
Nepal
76%
Papua-Nowa Gwinea
76%
Senegal
76%
Surinam
76%
Tadżykistan
76%
Tanzania
76%
Tunezja
76%
Turkmenistan
76%
Zjednoczone Emiraty Arabskie
76%
Bhutan
75%
Ghana
75%
Kambodża
75%
Kamerun
75%
Mjanma
75%
Mozambik
75%
Nikaragua
75%
Somalia
75%
Zambia
75%
Erytrea
74%
Filipiny
74%
Gwinea Równikowa
74%
Jamajka
74%
Jordania
74%
Malediwy
74%
Malezja
74%
Togo
74%
Botswana
73%
Kirgistan
73%
Liban
73%
Liberia
73%
Uganda
73%
Wybrzeże Kości Słoniowej
73%
Zimbabwe
73%
Bangladesz
72%
Fidżi
72%
Kuwejt
72%
Mauretania
72%
Republika
Środkowoafrykańska
72%
Sri Lanka
72%
Tajwan
72%
Wyspy Marshalla
72%
Bahrajn
71%
Belize
71%
Burkina Faso
71%
Gambia
71%
Namibia
71%
Rwanda
71%
Salwador
71%
Wyspy Salomona
71%
Barbados
70%
Benin
70%
Gabon
70%
Gwinea Bissau
70%
Lesotho
70%
Bahamy
69%
Eswatini
69%
Mikronezja
69%
Saint Lucia
69%
Saint Vincent i Grenadyny
69%
Grenada
68%
Republika
Zielonego Przylądka
68%
Saint Kitts i Nevis
68%
Sierra Leone
68%
Singapur
68%
Tuvalu
68%
Wyspy Świętego
Tomasza i Książeca
68%
Brunei
67%
Malawi
67%
Nauru
67%
Seszele
67%
Antigua i Barbuda
66%
Burundi
66%
Trynidad i Tobago
66%
Dżibuti
65%
Komory
65%
Mauritius
65%
Palau
65%
Samoa
65%
Timor Wschodni
65%
Vanuatu
65%
Kiribati
64%
Tonga
64%

Rozkład punktacji

Percentyl według liczby udzielonych odpowiedzi

Procent ludzi z każdym wynikiem

Twoja historia wyników

Nie rozwiązałeś tego quizu